Huminsavak szerkezetének vizsgálata IV.

Elmentve itt :
Bibliográfiai részletek
Szerzők: Sipos Sándor
Siposné Kedves Éva
Dokumentumtípus: Cikk
Megjelent: 1977
Sorozat:A Juhász Gyula Tanárképző Főiskola tudományos közleményei
Kulcsszavak:Természettudomány, Kémia
Online Access:http://acta.bibl.u-szeged.hu/18041
LEADER 00686nab a2200193 i 4500
001 acta18041
005 20210611114837.0
008 161015s1977 hu o 0|| hun d
022 |a 0209-4304 
040 |a SZTE Egyetemi Kiadványok Repozitórium  |b hun 
041 |a hun 
100 1 |a Sipos Sándor 
245 1 0 |a Huminsavak szerkezetének vizsgálata IV.  |h [elektronikus dokumentum] /  |c  Sipos Sándor 
260 |c 1977 
300 |a 41-51 
490 0 |a A Juhász Gyula Tanárképző Főiskola tudományos közleményei 
695 |a Természettudomány, Kémia 
700 0 2 |a Siposné Kedves Éva  |e aut 
856 4 0 |u http://acta.bibl.u-szeged.hu/18041/1/tanarkepzo_1977_2_041-051.pdf  |z Dokumentum-elérés